Cities of the Thirteen Colonies Quiz Stats

 Plays Quiz Updated Oct 20, 2017

Challenge
Share
Tweet
Embed
Score 0/51 Timer 10:00
5 Plays Today
Population City % Correct
8,391,881New York
98.5%
645,169Boston
95.3%
1,547,297Philadelphia
91.3%
540,922Atlanta
80.9%
194,343Augusta-Richmond
77.2%
637,418Baltimore
76.3%
311,647Pittsburgh
74.9%
204,451Richmond
73.7%
599,657Washington
72.5%
405,612Raleigh
71.1%
115,638Charleston
70.4%
171,909Providence
67.2%
124,060Hartford
62.7%
270,240Buffalo
61.7%
704,422Charlotte
60.2%
278,154Newark
57.9%
134,699Savannah
51.7%
129,333Columbia
48.2%
138,560Syracuse
42.6%
242,503Jersey City
41.6%
207,294Rochester
40.9%
123,330New Haven
40.9%
229,171Durham
40.6%
101,350Wilmington
37.6%
433,575Virginia Beach
36.1%
229,828Winston-Salem
35.9%
Population City % Correct
233,333Norfolk
35.4%
155,580Springfield
34.9%
182,882Worcester
29.4%
193,172Newport News
28.6%
201,066Yonkers
26.3%
109,279Manchester
26.2%
255,124Greensboro
25.7%
150,006Alexandria
25%
108,771Cambridge
24.9%
217,483Arlington
24.8%
103,571Erie
24.1%
137,298Bridgeport
23.4%
190,414Columbus
22.3%
107,815Allentown
22.1%
114,983Athens-Clarke
18.6%
104,390Lowell
16.9%
121,026Stamford
16.7%
125,285Elizabeth
14.3%
145,835Paterson
12.4%
222,455Chesapeake
11.8%
144,236Hampton
11.5%
198,071Fayetteville
9.6%
107,143Waterbury
7.9%
136,637Cary
6.5%
103,368High Point
5.3%

You're not logged in!

Compare scores with friends on all Sporcle quizzes.
OR
Log In

You Might Also Like...

Show Comments

Extras

Top Quizzes Today


Score Distribution

Your Account Isn't Verified!

In order to create a playlist on Sporcle, you need to verify the email address you used during registration. Go to your Sporcle Settings to finish the process.

Report this User

Report this user for behavior that violates our Community Guidelines.

Details: